000 00714nam a2200241Ia 4500
003 OSt
005 20220925214419.0
006 a|||||r|||| 00| 0
007 ta
008 220923b |||||||| |||| 00| 0 eng d
020 _a1853835242
037 _cGeneral Book
040 _aRTL
_cRTL
_beng
041 _2eng
_aeng
082 _aU:(G:55), N8
100 _aWilliams Christopher Ed.
_9280316
245 0 _aEnvironmental victims
_b New risks, new injustice
260 _aLondon
_bEarthscan Publications UK
_c1998
300 _axix, 188p
_ccm.
650 _aGeography irt Environment
_9230029
942 _hU:(G:55), N8
_cGB
_2CC
999 _c565387
_d565387